000 01107nam a22002777a 4500
005 20240530110406.0
008 150203s2010 ua kd f b 000 0 ara d
017 _a2022
_bمصر . دار الكتب المصرية
020 _a9773680576
040 _aEG-CaGPL
041 0 _aara
082 0 4 _221
_a664.024\
_bع ت
100 0 _aعلى احمد عبدالنبى
245 1 2 _aالتكنولوجيا الحيوية ودورها فى انتاج الاغذية المهندسة وراثيا عالية الجودة /
_cعلى احمد عبدالنبى
250 _aط 2
260 _aالاسكندرية :
_bمؤسسة حورس الدولية للنشر و التوزيع ،
_c2010
300 _a182 ص :
_bايض ؛
_c24 سم
504 _aببليوجرافية : ص 173 - 181
650 0 4 _aالاغذية
650 0 4 _aالاغذية
_xصناعة و تجارة
650 0 4 _aالاغذية
_xضبط الانتاج
650 0 4 _aالاغذية
_xضبط الجودة
650 0 4 _aالاغذية
_xهندسة وراثية
942 _2ddc
_cBK
999 _c60369
_d60369